Jugadores del Barcelona - ¡Muerte súbita! - Estadísticas

Estadísticas generales
  • Esta prueba ha sido intentada 11.788 veces
  • La puntuación promedio es 10 de 27
Answers on the Grid
Answers color-coded by a green-red scale on the quiz's grid according to % correct below.
Alexis Sánchez
Allan Simonsen
Álvaro Morata
Arda Turan
Bojan Krkic
Brian Laudrup
Carles Puyol
Charles Itandje
Chema Antón
Clarence Seedorf
Claudio Bravo
Cristian Zapata
David Trezeguet
Diego Llorente
Diego Milito
Emmanuel Adebayor
Futre
Gary Lineker
Gheorghe Hagi
Gianluca Zambrotta
Henrik Larsson
Ivan Rakitic
Jaap Stam
Javi Galán
Jorge Moreno
José Manuel Pinto
Juan Miranda
Juan Pablo Sorín
Juanfran Torres
Jules Koundé
Lassana Diarra
Lucas Leiva
Luis Enrique
Luka Modrić
Marc Cucurella
Marc Overmars
Martin Skrtel
Maxwell
Nathaniel Clyne
Nélson Semedo
Neymar
Nigel de Jong
Raphinha
Raúl García
Sándor Kocsis
Saúl Ñíguez
Sergio Agüero
Stefan Simic
Víctor Muñoz
Winston Bogarde
Xabi Alonso
Xavi
 
Estadísticas de respuestas
Respuesta % Correcto
Xavi
62%
Neymar
60%
Raphinha
59%
Carles Puyol
58%
Ivan Rakitic
55%
Luis Enrique
55%
Jules Koundé
54%
Sergio Agüero
50%
Alexis Sánchez
49%
Claudio Bravo
47%
Arda Turan
46%
Bojan Krkic
43%
Marc Cucurella
40%
Nélson Semedo
39%
José Manuel Pinto
35%
Maxwell
32%
Gianluca Zambrotta
29%
Henrik Larsson
29%
Gary Lineker
24%
Gheorghe Hagi
22%
Marc Overmars
21%
Juan Miranda
13%
Juan Pablo Sorín
11%
Víctor Muñoz
9%
Sándor Kocsis
8%
Winston Bogarde
8%
Allan Simonsen
5%
No se encontraron pruebas coincidentes
Distribución de puntuación
Porcentaje de gente con cada puntuación
Porcentaje por número respondido
Historial de tus puntuaciones
No has intentado esta prueba.